Tài liệu bồi dưỡng về quản lý hành chính nhà nước Chương trình chuyên viên Phần 3

Bộ tài liệu gồm 3 phần. Ph.1: Nhà nước và Pháp luật; Ph.2: Hành chính nhà nước và Công nghệ hành chính; Ph.3: Quản lý nhà nước đối với ngành, lĩnh vực.

שמור ב:
מידע ביבליוגרפי
מחבר ראשי: Đinh, Văn Mậu
מחברים אחרים: Lê, Sỹ Thiệp
פורמט: ספר
שפה:Undetermined
יצא לאור: H. Khoa học và Kỹ thuật 2012
נושאים:
גישה מקוונת:http://lrc.tdmu.edu.vn/opac/search/detail.asp?aID=2&ID=20076
תגים: הוספת תג
אין תגיות, היה/י הראשונ/ה לתייג את הרשומה!
Thư viện lưu trữ: Trung tâm Học liệu Trường Đại học Thủ Dầu Một
LEADER 01257nam a2200253Ia 4500
001 TDMU_20076
008 210410s9999 xx 000 0 und d
082 |a 320.597068 
090 |b Đ312 
100 |a Đinh, Văn Mậu 
245 0 |a Tài liệu bồi dưỡng về quản lý hành chính nhà nước 
245 0 |b Chương trình chuyên viên 
245 0 |c Đinh Văn Mậu và [nh.ng. khác] 
245 0 |n Phần 3 
245 0 |p Hành chính Nhà nước và công nghệ hành chính 
260 |a H. 
260 |b Khoa học và Kỹ thuật 
260 |c 2012 
300 |a 590tr. 
520 |a Bộ tài liệu gồm 3 phần. Ph.1: Nhà nước và Pháp luật; Ph.2: Hành chính nhà nước và Công nghệ hành chính; Ph.3: Quản lý nhà nước đối với ngành, lĩnh vực. 
650 |a Quản lý nhà nước  |z Việt Nam; Nhà nước và pháp luật  |z Việt Nam; Hành chính nhà nước; Công nghệ hành chính  
700 |a Lê, Sỹ Thiệp 
856 |u http://lrc.tdmu.edu.vn/opac/search/detail.asp?aID=2&ID=20076 
980 |a Trung tâm Học liệu Trường Đại học Thủ Dầu Một